000 00676nam a2200217Ia 4500
003 GCL
008 140319s9999 xx 000 0 ara d
040 _aGCL /
_cGCL
082 0 4 _a810.9
_bب ا
100 1 _aمحمد حمدى البكرى (اعداد)
245 1 0 _aاصول نقد النصوص ونشر الكتب /
_cمحمد حمدى البكرى (اعداد)
700 1 _aبرجستراسر، جوتهلف
260 _a[S.N] :
_bدار الكتب المصرية ،
_c1995
300 _a142 ص
490 _a
650 0 4 _aالادب العربى
650 0 4 _aالتراث
650 0 4 _aنشر الكتب
650 0 4 _aتاريخ ونقد
942 _2ddc
_cBK
999 _c36594
_d36594